00500nam a22001577a 45000050016000000100028000160200034000440350027000780370013001050820010001182450107001282600038002353000026002737000022002997000021003212010072703233.0 aENG-97013 B-452751-755 a9788125036647c616.00 795.00 aEN-80546 B-452751-755 bDBAD/PUB a305.8 aIndigeneity culture and respresentation /cedited by G N Devy, Geofferey V Davis [and] K K Chakravarty aNew DelhibOrient Blackswanc2009 axvi,405p.c22cm (pbk) aDavis, Geoffrey V aChakravarty, K K